|
|
|
|
| LEADER |
00840nam a2200193 a 4500 |
| 008 |
960703s1996 sz 000 0 eng d |
| 020 |
|
|
|a 9221098605
|
| 082 |
0 |
0 |
|a 354.1/83
|2 21
|
| 245 |
0 |
0 |
|a Report of the Director-General :
|b activities of the ILO, 1994-95.
|
| 260 |
|
|
|a Geneva :
|b ILO ,
|c 1996.
|
| 300 |
|
|
|a iv, 196 p. ;
|c 24 cm.
|
| 541 |
1 |
|
|e 00005628
|
| 650 |
|
0 |
|a Arbitration and award
|z India.
|
| 610 |
2 |
0 |
|a International Labour Office
|
| 710 |
2 |
2 |
|a International Labour Organisation.
|
| 711 |
2 |
|
|a International Labour Conference
|n (83rd :
|d 1994 :
|c Geneva, Switzerland)
|
| 852 |
4 |
|
|a Ayesha Abed Library
|j General Shelf.
|
| 999 |
|
|
|c 4904
|d 4904
|
| 952 |
|
|
|0 0
|1 0
|2 ddc
|4 0
|6 354_183000000000000_REP_1996
|7 0
|9 4728
|a BRACUL
|b BRACUL
|c GEN
|d 2009-10-28
|g 0.00
|l 0
|o 354.183 REP
|p 3010005628
|r 2009-10-28
|t 1
|w 2009-10-28
|y BK
|x No price found in the accession register.
|